Вузовские библиотеки Алтайского края: сборник; Вып. 9

Bibliographische Detailangaben
Körperschaft: Методическое объединение вузовских библиотек Алтайского края
Weitere Verfasser: Шелайкина Н. Г. Наталья Георгиевна (редактор)
Zusammenfassung:На страницах девятого выпуска научно-практического сборника авторы статей делятся своим опытом, знакомят с интересными методами работы, эффективность которых проверена на практике.Не останется без внимания материал представленный в рубрике «Консультация специалиста», в котором даётся анализ критериев оценки качества библиотечного обслуживания.Значимые события в жизни профессионального сообщества вузовских библиотек края отражены в рубрике «Хроника событий».
Sprache:Russisch
Veröffentlicht: Барнаул, Изд-во Алтайского ГТУ, 2009
Schlagworte:
Format: MixedMaterials Buch
KOHA link:https://koha.lib.tpu.ru/cgi-bin/koha/opac-detail.pl?biblionumber=160996

MARC

LEADER 00000nam0a2200000 4500
001 160996
005 20231101222226.0
035 |a (RuTPU)RU\TPU\book\174592 
090 |a 160996 
100 |a 20090602d2009 k y0rusy50 ca 
101 0 |a rus 
102 |a RU 
105 |a a z 000zy 
200 1 |a Вузовские библиотеки Алтайского края  |e сборник  |h Вып. 9  |f Методическое объединение вузовских библиотек Алтайского края ; под ред. Н. Г. Шелайкиной 
210 |a Барнаул  |c Изд-во Алтайского ГТУ  |d 2009 
215 |a 44 с.  |c ил. 
330 |a На страницах девятого выпуска научно-практического сборника авторы статей делятся своим опытом, знакомят с интересными методами работы, эффективность которых проверена на практике.Не останется без внимания материал представленный в рубрике «Консультация специалиста», в котором даётся анализ критериев оценки качества библиотечного обслуживания.Значимые события в жизни профессионального сообщества вузовских библиотек края отражены в рубрике «Хроника событий». 
606 1 |a Библиотеки вузов  |2 stltpush  |3 (RuTPU)RU\TPU\subj\28584  |9 52101 
610 1 |a библиотеки 
610 1 |a библиотечное дело 
610 1 |a вузы 
610 1 |a Алтай 
610 1 |a электронные ресурсы 
610 1 |a библиотечное обслуживание 
610 1 |a квалиметрия 
610 1 |a систематические каталоги 
610 1 |a ББК 
686 |a Ч734(2)718  |v LBC/SL-A  |2 rubbk 
702 1 |a Шелайкина  |b Н. Г.  |g Наталья Георгиевна  |4 340 
712 0 2 |a Методическое объединение вузовских библиотек Алтайского края  |2 stltpush  |3 (RuTPU)RU\TPU\col\5828  |9 24139 
801 1 |a RU  |b 63413507  |c 20090602  |g PSBO 
801 2 |a RU  |b 63413507  |c 20091118  |g PSBO 
942 |c BK